Сюжет с немыслимым прогнозом: рассказы

Bibliografiske detaljer
Hovedforfatter: Арканов А. М. Аркадий Михайлович
Summary:Если "писатель" происходит от понятия "писать", то тогда писателем следует считать даже обыкновенного штабного писаря. Я бы назвал писателя "сочинителем". Но сочинять он должен так, чтобы читатель ему верил: да, это было... Или, по крайней мере, писатель должен оставить читателю хотя бы один шанс поверить ему: а вдруг ЭТО было на самом деле?.. А вдруг?.. А что касается меня, то в этой книге я передвигаюсь в пространстве без бухгалтерской серьезности и угрюмого реализма. С ними мне грустно. А в жизни и без того много грустного. Поэтому буду рад, если вы заразитесь от меня замечательной болезнью, название которой ИРОНИЯ. Я болею этой болезнью с детства и прекрасно себя чувствую.
Sprog:russisk
Udgivet: Москва, АСТ, 2007
Fag:
Format: Bog
KOHA link:https://koha.lib.tpu.ru/cgi-bin/koha/opac-detail.pl?biblionumber=203085

MARC

LEADER 00000nam0a2200000 4500
001 203085
005 20231031185504.0
010 |a 9789851602922 
035 |a (RuTPU)RU\TPU\book\221301 
090 |a 203085 
100 |a 20111027d2007 m y0rusy50 ca 
101 0 |a rus 
102 |a RU 
105 |a y z 000ay 
200 1 |a Сюжет с немыслимым прогнозом  |e рассказы  |f А. М. Арканов 
210 |a Москва  |c АСТ  |c Зебра Е  |d 2007 
215 |a 525 с. 
330 |a Если "писатель" происходит от понятия "писать", то тогда писателем следует считать даже обыкновенного штабного писаря. Я бы назвал писателя "сочинителем". Но сочинять он должен так, чтобы читатель ему верил: да, это было... Или, по крайней мере, писатель должен оставить читателю хотя бы один шанс поверить ему: а вдруг ЭТО было на самом деле?.. А вдруг?.. А что касается меня, то в этой книге я передвигаюсь в пространстве без бухгалтерской серьезности и угрюмого реализма. С ними мне грустно. А в жизни и без того много грустного. Поэтому буду рад, если вы заразитесь от меня замечательной болезнью, название которой ИРОНИЯ. Я болею этой болезнью с детства и прекрасно себя чувствую. 
610 1 |a русская литература 
610 1 |a юмор 
610 1 |a рассказы 
610 1 |a иронические рассказы 
675 |a Р2  |v 3 
700 1 |a Арканов  |b А. М.  |g Аркадий Михайлович 
801 1 |a RU  |b 63413507  |c 20111027 
801 2 |a RU  |b 63413507  |c 20111107  |g RCR 
942 |c BK